Marmeládový chlapec

Príbeh mladého podnikateľa Frasera Dohertyho zo Škótska. Úspešná firma SuperJam, ktorá vyrába a distribuuje ovocné džemy.

Salvato in:
Dettagli Bibliografici
Autore principale: Kapoun, Jan
Natura: Capitolo di libro
Lingua:ceco
Soggetti:
Tags: Aggiungi Tag
Nessun Tag, puoi essere il primo ad aggiungerne!!

MARC

LEADER 00000naa a2200000 4500
001 0179564
005 20231211093553.0
041 0 |a cze 
044 |a CZ 
245 1 0 |a Marmeládový chlapec  |c Jan Kapoun 
520 |a Príbeh mladého podnikateľa Frasera Dohertyho zo Škótska. Úspešná firma SuperJam, ktorá vyrába a distribuuje ovocné džemy. 
610 2 0 |a podnikanie 
610 2 0 |a podnikatelia 
610 2 0 |a potravinárstvo 
610 2 0 |a značky výrobkov 
610 2 0 |a Škótsko 
100 1 |a Kapoun, Jan